ЭлектроТехноЭкспо-2004; Схемотехника; № 12

Bibliographic Details
Parent link:Схемотехника: научно-технический журнал.— , 2002-2007
№ 12.— 2004.— С. 30
Main Author: Минайчева Н.
Language:Russian
Published: 2004
Series:Искусство схемотехники
Subjects:
Format: Book Chapter
KOHA link:https://koha.lib.tpu.ru/cgi-bin/koha/opac-detail.pl?biblionumber=395224

MARC

LEADER 00000naa2a2200000 4500
001 395224
005 20231101064606.0
035 |a (RuTPU)RU\TPU\prd\32413 
090 |a 395224 
100 |a 20050204a2004 k y0rusy50 ca 
101 0 |a rus 
102 |a RU 
200 1 |a ЭлектроТехноЭкспо-2004  |f Н. Минайчева 
225 1 |a Искусство схемотехники 
461 1 |0 (RuTPU)RU\TPU\prd\2494  |t Схемотехника  |o научно-технический журнал  |d 2002-2007 
463 1 |0 (RuTPU)RU\TPU\prd\31609  |t № 12  |v С. 30  |d 2004 
610 1 |a выставки 
610 1 |a международные выставки 
610 1 |a электротехническое оборудование 
700 1 |a Минайчева  |b Н. 
801 1 |a RU  |b 63413507  |c 20050204  |g PSBO 
801 2 |a RU  |b 63413507  |c 20131218  |g RCR 
942 |c BK